| 000 | 00000nam##2200000za#4500 |
| 001 | 9.645902 |
| 003 | CaOODSP |
| 005 | 20230202144024 |
| 007 | ta |
| 008 | 150407|1995||||xxc||||| f|0| 0 eng|d |
| 020 | |a0-662-23474-X |
| 040 | |aCaOODSP|beng |
| 043 | |an-cn--- |
| 086 | 1 |aH72-21/136-1995E |
| 110 | 2 |aNational Clearinghouse on Family Violence (Canada). |
| 245 | 10|aFamily violence handbook for the dental community / |cPrepared by Donna Denham and Joan Gillespie. Issued by the Mental Health Division and Health Service Systems Division, Health Services Directorate. |
| 260 | |aOttawa - Ontario : |bHealth Canada. |c1995. |
| 300 | |aii, 50p. : |breferences ; |c28 cm. |
| 500 | |a"This handbook has been prepared specifically for members of the dental community to: heighten awareness of the existence of family violence among patients and colleagues; increase understanding of some of the basic facts about family violence; increase identification and referral skills; outline the contributions dental teams, individuals and professional associations can make to end family violence."--Page 2. |
| 520 | 3 |aThis handbook has been prepared specifically for members of the dental community to: heighten awareness of the existence of family violence among patients and colleagues; increase understanding of some of the basic facts about family violence; increase identification and referral skills; outline the contributions dental teams, individuals and professional associations can make to end family violence.--Page 2 |
| 563 | |aSoftcover |
| 590 | |a95-37|b1995-09-15 |
| 690 | 07|aFamily violence|2gcpds |
| 690 | 07|aOral health|2gcpds |
| 720 | 1 |aDenham, Donna |
| 720 | 1 |aGillespie, Joan |
| 775 | 08|tGuide sur la violence familiale à l'intention des spécialistes de la dentisterie / |w(CaOODSP)9.679519 |
| 776 | 0#|tFamily violence handbook for the dental community / |w(CaOODSP)9.695684 |